Still an empty concept? (Record no. 83298)

MARC details
000 -LEADER
fixed length control field 01092cab a22002295a 4500
001 - CONTROL NUMBER
control field L153456
008 - FIXED-LENGTH DATA ELEMENTS--GENERAL INFORMATION
fixed length control field 110729e20110723xxk 000 0 eng d
035 ## - SYSTEM CONTROL NUMBER
System control number (Sirsi) u153456
041 0# - LANGUAGE CODE
Language code of text/sound track or separate title eng
100 1# - MAIN ENTRY--PERSONAL NAME
Personal name Woolgar, Dermot
245 00 - TITLE STATEMENT
Title Still an empty concept?
260 ## - PUBLICATION, DISTRIBUTION, ETC.
Date of publication, distribution, etc. 2011
490 ## - SERIES STATEMENT
Series statement Estates Gazette
Volume/sequential designation (1129) 23 July 2011, 84-85(2)
520 ## - SUMMARY, ETC.
Summary, etc. Reports on the Court of Appeal's decision in NYK Logistics (UK) Ltd v Ibrend Estates BV [2011] EWCA Civ 683 on the subject of break clauses. This case gives a clear definition of vacant possession but several problems arrise such as the distinction given between people and chattels. Arguably the decision in NYK is best understood not as a change in the law on vacant possession but rather a reformulation of existing principles.
590 ## - LOCAL NOTE (RLIN)
Local note KA
650 24 - SUBJECT ADDED ENTRY--TOPICAL TERM
Topical term or geographic name entry element NYK Logistics (UK) Ltd v Ibrend Estates BV [2011]
651 #4 - SUBJECT ADDED ENTRY--GEOGRAPHIC NAME
Geographic name England and Wales
Chronological subdivision 1543-
690 ## - LOCAL SUBJECT ADDED ENTRY--TOPICAL TERM (OCLC, RLIN)
Topical term or geographic name as entry element PROPERTY-COMMERCIAL PROPERTY-LANDLORD AND TENANT
700 1# - ADDED ENTRY--PERSONAL NAME
Personal name Shaw, Keith
856 40 - ELECTRONIC LOCATION AND ACCESS
Host name PROPERTY-COMMERCIAL PROPERTY-COMMERCIAL PROPERTY MARKET
942 ## - ADDED ENTRY ELEMENTS (KOHA)
Suppress in OPAC 0
Holdings
Withdrawn status Lost status Source of classification or shelving scheme Damaged status Not for loan Home library Current library Shelving location Date acquired Total Checkouts Full call number Barcode Date last seen Copy number Price effective from Koha item type
    Dewey Decimal Classification     London London Journal article 29/07/2011   L153456 153456-1001 06/08/2019 1 06/08/2019 Journal article